[Event "SCO Open 2018"]
[Site "Xingtai"]
[Date "2018.10.21"]
[Round "8"]
[White "Li, Di"]
[Black "Chen, Qi B"]
[Result "1-0"]
[WhiteElo "2467"]
[BlackElo "2425"]
[Annotator "TA"]
[PlyCount "137"]
[EventDate "2018.??.??"]
[EventCountry "CHN"]
[SourceTitle "playchess.com"]
[Source "ChessBase"]
[SourceQuality "1"]

{[%evp 11,137,0,5,0,9,-14,0,-8,-8,-10,10,-8,-11,-8,7,0,0,0,10,0,0,0,15,17,29,21,21,22,44,39,37,20,33,20,34,33,32,29,29,29,30,28,30,24,24,39,39,36,36,36,36,0,32,0,47,47,45,21,36,36,47,40,48,45,47,48,57,47,52,39,49,47,55,45,65,43,62,36,51,36,36,36,42,42,49,48,57,64,54,65,54,70,71,75,78,85,79,81,104,72,126,75,88,81,602,596,529,361,365,380,391,399,422,406,422,427,470,463,596,540,854,861,989,964,2287,2193,2159,1453]} 1. d4 Nf6 2. Nf3 g6 3. Nc3 d5 4. Bf4 Bg7 5. e3 O-O 6. Be2 Bg4 {LiveBook: 98 Partien. D00: Damenbauernspiele} (6... c5 7. O-O cxd4 8. exd4 Bg4 9. h3 Bxf3 10. Bxf3 Nc6 11. Ne2 b5 12. c3 e6 13. a3 a5 14. Nc1 b4 15. a4 Ne4 16. Bxe4 dxe4 {½-½ (85) Carlsen,M (2837)-Ding,L (2774) Saint Louis 2017}) 7. Nb5 Na6 8. h3 Bxf3 {Die Stellung ist ausgeglichen.} 9. Bxf3 c6 10. Na3 {[%cal Bb5a3,Ba3b1,Bb1d2,Bd2b3,Bb3a5][%mdl 32]} Nd7 11. c3 $146 ({Vorgänger:} 11. Bg5 h6 12. Bh4 g5 13. Bg3 Qb6 14. Qc1 {1-0 (37) Eiber,M (2079)-Baumer,A (2003) Bayern 2010}) 11... e5 12. Bh2 exd4 13. cxd4 Re8 14. O-O Nf6 15. Nb1 Bf8 16. Qb3 Qb6 17. Nd2 Re6 18. Rfb1 Qxb3 19. Nxb3 Bd6 20. Bxd6 Rxd6 21. Na5 Rb8 22. Rc1 Re6 23. Rc3 Nd7 24. b4 Nc7 25. a4 a6 $1 26. Bg4 f5 27. Be2 Nf6 28. Rc2 Nfe8 29. Nb3 Nd6 30. Nc5 Re7 31. Nd3 Nc4 32. Nf4 Nd6 (32... g5 $5 {[%cal Rg5f4]} 33. Nh5 (33. Bxc4 dxc4 34. Ne2 b5 $15) 33... Nd6 $11) 33. h4 Kg7 34. Kh2 Ra8 35. Rb1 Rae8 36. Bd3 Rf8 37. g3 Ra8 38. Kg2 Rd8 39. Rcc1 Kf7 40. Kf3 Ne4 {[#] Und ...Sd2+ würde nun gewinnen.} 41. Rc2 Nd6 42. Rg1 Ne6 43. Ne2 Nc7 44. Nc1 Kg7 45. Nb3 Ra8 46. Na5 Rb8 47. Rh1 Rf8 48. Rhc1 Ra8 {[#]} 49. Nxb7 $1 {[%mdl 512]} Nxb7 50. Rxc6 Ne8 $1 51. Rxa6 Rxa6 52. Bxa6 Nbd6 53. a5 {[%cal Ba4a5,Ba5a6][%mdl 1056] Weiss hat starke Kompensation.} Ra7 54. Rc6 Kf7 55. Bd3 Ke6 (55... Rb7 $142) 56. a6 $16 Kd7 57. b5 {Tc5 ist eine echte Drohung.} Rc7 $2 {[%mdl 8192]} (57... Ra8 $16) 58. Rc5 $18 Nc8 59. Rxd5+ Ned6 60. Rc5 Nb6 61. Kf4 Nf7 62. g4 fxg4 63. Kxg4 {Weiß steht klar auf Gewinn.} Rc8 64. f4 Re8 65. e4 {[%cal Be3e4,Be4e5][%mdl 32]} Re6 66. e5 Re8 67. Be4 Rb8 68. a7 Rg8 69. Rc6 {Precision: Weiß = 62%, Schwarz = 33%.} 1-0

[Event "SCO Open 2018"]
[Site "Xingtai"]
[Date "2018.10.21"]
[Round "8"]
[White "Nigmatov, Ortik"]
[Black "Nikita, Khoroshev"]
[Result "1-0"]
[WhiteElo "2456"]
[BlackElo "2416"]
[Annotator "TA"]
[PlyCount "87"]
[EventDate "2018.??.??"]
[EventCountry "CHN"]
[SourceTitle "playchess.com"]
[Source "ChessBase"]
[SourceQuality "1"]

{[%evp 9,87,33,33,33,34,20,29,33,35,29,35,11,17,6,10,16,5,9,64,55,65,54,73,44,66,68,60,66,73,57,75,69,63,66,69,49,58,57,98,106,104,102,94,61,75,75,72,54,248,90,90,52,57,36,52,27,27,21,35,30,33,47,35,35,53,16,29,36,146,150,136,135,127,137,735,697,29985,29986,29989,29990]} 1. Nf3 Nf6 2. e3 d6 3. d4 Nbd7 4. b3 a5 $146 ({Predecessor:} 4... g6 5. Bb2 Bg7 6. c4 O-O 7. Be2 b6 8. Nbd2 Bb7 9. Qc2 e6 10. O-O c5 11. Rac1 Qe7 12. Rfd1 Rac8 13. Qb1 Rfd8 14. Qa1 Ne8 15. a3 {0-1 (67) Kalinin,M (2380)-Tsoi,D (2429) Sochi 2018}) 5. Bb2 g6 6. Be2 {A46: 1 d4 Nf6 2 Nf3 e6: Torre, London and Colle Systems} Bg7 7. O-O O-O 8. c4 {White has an edge.} Ne4 9. Qc2 f5 10. Bd3 Ndf6 11. Nc3 Nxc3 12. Bxc3 e6 13. Rfe1 d5 ({Better is} 13... b6 $11) 14. Bb2 $36 {[%mdl 2048] White has good play.} c6 15. Ba3 Re8 16. Ne5 Ng4 17. Nxg4 fxg4 18. Rad1 a4 19. Bb4 Bd7 20. Bd6 axb3 21. axb3 Qg5 22. b4 Rec8 23. Qb2 b6 24. Ra1 Qd8 25. Rxa8 (25. c5 {looks sharper.} b5 26. Be2 h5 27. Bd3 Be8 28. Qc3) 25... Rxa8 26. e4 Be8 {...dxe4 is the strong threat.} 27. e5 Bh6 28. b5 {Threatens to win with Be2.} Ra4 $2 {[#]} (28... Bf8 $1 $14) 29. cxd5 $2 (29. c5 $1 $18) 29... cxd5 $16 30. g3 Bg5 31. Qb3 Ra8 32. Qb4 Qd7 33. Qc3 Rc8 34. Qb2 Ra8 {[%cal Bc8a8,Ba8a4,Ba4d4][%mdl 32]} 35. Qe2 h5 36. Kg2 Ra4 37. Qc2 Rxd4 38. Ra1 {[%cal Be1a1,Ba1a8,Ba8a7][%mdl 32]} Qf7 (38... h4 $1 $14) 39. Ra8 {[%mdl 1024] White has strong compensation.} Kg7 {White must now prevent ...Qf3+.} 40. Kg1 h4 41. Qc3 Qf3 $2 {[%mdl 8192] [#]} (41... Re4 $16) 42. Ra7+ $1 $18 ({Don't go for} 42. Rxe8 $2 Rc4 $19) 42... Bf7 43. Qc8 Be7 44. Bxe7 {Precision: White = 58%, Black = 36%.} 1-0

[Event "SCO Open 2018"]
[Site "Xingtai"]
[Date "2018.10.21"]
[Round "8"]
[White "Zou, Chen"]
[Black "Yiping, Lou"]
[Result "0-1"]
[WhiteElo "2386"]
[BlackElo "2485"]
[Annotator "TA"]
[PlyCount "100"]
[EventDate "2018.??.??"]
[EventCountry "CHN"]
[SourceTitle "playchess.com"]
[Source "ChessBase"]
[SourceQuality "1"]

{[%evp 23,100,8,0,0,9,4,9,0,21,11,21,16,29,21,32,0,2,-7,0,-18,0,-41,-18,-13,-7,-38,-44,-55,-26,-26,-26,-27,-26,-23,-20,-23,-23,-23,-23,-21,-26,-27,-12,-12,-12,-12,-12,-30,-28,-19,0,0,0,-20,-17,-16,-12,-18,-7,-53,-49,-351,-342,-598,-607,-552,-569,-901,-891,-1165,-1149,-1158,-1024,-29987,-29988,-29988,-29988,-29988,-29989]} 1. e4 e5 2. Nf3 Nc6 3. Bb5 Nf6 4. O-O Nxe4 5. d4 Nd6 6. Bxc6 dxc6 7. dxe5 Nf5 8. Qxd8+ Kxd8 9. h3 Be7 10. Rd1+ Ke8 11. Nc3 Nh4 12. Nxh4 {C67: Spanische Partie (Berliner Verteidigung)} Bxh4 {LiveBook: 37 Partien} 13. Be3 (13. Ne2 h5 14. f3 Bf5 15. Nd4 Rd8 16. Bf4 Bg6 17. c3 Rd5 18. e6 Bf6 19. Bxc7 Bxd4+ 20. Rxd4 Rxd4 21. cxd4 fxe6 {½-½ (30) Kryvoruchko,Y (2693)-Vidit,S (2669) Baku 2016}) 13... Be7 14. Rd2 {Die Stellung ist ausgeglichen.} h5 $146 ({Vorgänger:} 14... Be6 15. Rad1 a5 16. a3 h5 17. Ne2 Rd8 18. Nd4 Rd5 19. c4 Rd8 20. Nxe6 fxe6 21. Rxd8+ Bxd8 {½-½ (34) Abasov,N (2522)-Foisor,C (2435) Milan 2009}) 15. Rad1 Be6 16. Ne2 h4 17. Nd4 Bc8 18. f4 a6 19. Nf3 Bf5 20. Nh2 Be6 21. Nf1 Rh5 22. Rf2 Rd8 ({Schlechter ist} 22... Bxa2 23. b3 $16) 23. Rxd8+ Kxd8 24. a3 c5 25. Bd2 c4 26. Bb4 c5 27. Ba5+ Kd7 28. Ne3 {[#] zielt auf f5 ab.} Kc6 29. Rd2 b6 {[%cal Bb7b6,Bb6b5,Bb5b4][%mdl 32]} 30. Bc3 g6 31. Kf2 Rh8 32. Kf3 b5 33. Ba5 b4 34. a4 f6 35. exf6 Bxf6 36. c3 Rb8 37. Ng4 bxc3 38. Bxc3 Bxc3 39. bxc3 $11 {[%mdl 4096] Endspiel KTL-KTS} Rb3 40. Ne5+ Kc7 41. Nxg6 Rxc3+ 42. Ke4 $2 {[%mdl 8192] [#]} ({Weiss braucht} 42. Ke2 $1 $15) 42... Rc1 $1 $19 43. f5 $2 (43. Re2 c3 44. Ne5) 43... c3 44. Rf2 c2 {Und ...Te1+ würde nun gewinnen.} 45. Kf4 Bb3 46. Kg5 Rd1 47. Rxc2 Bxc2 48. f6 Bxg6 {Schwarz setzt Matt.} 49. Kxg6 c4 50. f7 Rf1 {Precision: Weiß = 35%, Schwarz = 70%.} 0-1

[Event "SCO Open 2018"]
[Site "Xingtai"]
[Date "2018.10.21"]
[Round "8"]
[White "Lin, Yi"]
[Black "Nitin, S.."]
[Result "1-0"]
[WhiteElo "2361"]
[BlackElo "2461"]
[Annotator "TA"]
[PlyCount "101"]
[EventDate "2018.??.??"]
[EventCountry "CHN"]
[SourceTitle "playchess.com"]
[Source "ChessBase"]
[SourceQuality "1"]

{[%evp 18,101,25,10,18,23,22,10,15,20,68,18,23,26,19,17,56,53,49,31,102,117,103,96,87,83,77,85,81,77,89,58,63,60,52,49,73,61,167,160,175,168,183,178,215,226,197,210,248,244,241,241,241,246,284,284,284,284,284,284,435,427,385,385,384,370,365,358,349,329,433,363,489,489,468,468,545,528,1523,1324,5420,5420,5505,4971,4922,4816]} 1. d4 Nf6 2. c4 g6 3. Nc3 Bg7 4. e4 d6 5. h3 O-O 6. Nf3 Na6 7. Be3 c6 {E90: King's Indian: Classical: Early deviations and 6 h3} 8. Be2 e5 9. dxe5 dxe5 10. c5 {LiveBook: 5 Games} Nc7 11. O-O Nh5 12. Qxd8 Rxd8 13. Rfd1 {[#]} Rf8 $146 ({Predecessor:} 13... Re8 14. Nd2 Nf4 15. Bf1 Nfe6 16. Nb3 Bf6 17. Rd2 Kg7 18. Rad1 h6 19. Kh2 Bg5 20. Bxg5 hxg5 21. Nb1 Rh8 {½-½ (51) Postny,E (2670)-Jovanovic,Z (2506) Zadar 2015}) 14. Nd2 Nf4 15. Bf1 Nfe6 16. Nb3 f5 17. f3 $36 {[%mdl 2048] White has good play.} Bf6 18. Rd2 Bg5 ({Better is} 18... f4 $14 19. Bf2 Rb8) 19. Bxg5 $16 Nxg5 20. exf5 gxf5 21. Re1 Nf7 22. Na5 Ne6 23. b4 Kg7 24. a4 Kf6 25. Bc4 Rd8 26. Red1 h5 27. h4 Ke7 {[#]} (27... Rxd2 $14 28. Rxd2 Nfd8) 28. Bxe6 $1 $18 Rxd2 29. Rxd2 Kxe6 30. b5 Rb8 31. bxc6 bxc6 32. Nxc6 Rb3 33. Nb5 ({Not} 33. Nxa7 Rxc3 34. Nxc8 Rxc5 $14) 33... Rb1+ 34. Kh2 Rc1 35. Ncxa7 Rxc5 36. Nxc8 Rxc8 {[%mdl 4096] Endgame KRN-KRN} 37. a5 Rc5 38. Rb2 {[#] Strongly threatening a6.} Rc4 (38... Nd6 {was worth a try.}) 39. Ra2 Nd8 40. a6 Nc6 41. a7 Nxa7 42. Rxa7 Rxh4+ {KRN-KR} 43. Kg3 Rc4 44. Rh7 Rc5 45. Rh6+ {White is clearly winning.} Kd5 46. Nd6 h4+ 47. Kxh4 e4 48. Nxf5 exf3 49. gxf3 Ke5 50. Kg5 Rc4 51. Rh8 {Precision: White = 83%, Black = 53%.} 1-0

[Event "SCO Open 2018"]
[Site "Xingtai"]
[Date "2018.10.21"]
[Round "8"]
[White "Li, Hong"]
[Black "Das, Arghyadip"]
[Result "1/2-1/2"]
[WhiteElo "2349"]
[BlackElo "2437"]
[Annotator "TA"]
[PlyCount "108"]
[EventDate "2018.??.??"]
[EventCountry "CHN"]
[SourceTitle "playchess.com"]
[Source "ChessBase"]
[SourceQuality "1"]

{[%evp 9,108,56,45,47,57,17,18,0,-8,-18,-16,-16,-16,-16,-16,-18,-18,-14,-16,-17,-15,-16,-6,-19,-7,-8,-7,-14,-12,-25,-10,-10,-6,-12,-16,-16,-15,-32,-14,-30,-27,-29,-34,-33,-12,-72,-52,-95,-95,-85,-76,-83,-84,-82,-76,-74,-52,-64,-54,-75,-52,-53,-36,-45,-43,-59,0,0,0,0,0,0,0,0,0,0,0,0,0,0,0,0,0,0,0,0,0,0,0,0,0,0,0,0,0,0,0,0,0,0,0]} 1. d4 d6 2. e4 Nf6 3. Nc3 c6 4. a4 Qa5 5. Bd3 e5 {LiveBook: 38 Games} 6. Nf3 {B07: Pirc Defence: Miscellaneous Systems} (6. Nge2 Nbd7 7. O-O Be7 8. b4 Qc7 9. b5 O-O 10. h3 Re8 11. Be3 Bf8 12. bxc6 bxc6 13. a5 exd4 14. Nxd4 {0-1 (33) Pena Duarte,F (2223)-Galego,L (2465) Mondariz 2018}) 6... Bg4 {Threatens to win with ...exd4.} 7. dxe5 dxe5 8. Bd2 Bb4 9. Na2 $146 (9. Nb1 {keeps more tension.} O-O 10. c3 Be7 11. h3 Bh5 12. O-O) ({Predecessor:} 9. h3 Bh5 10. g4 Bg6 11. Qe2 Nbd7 12. O-O Rd8 13. Nd1 Bxd2 14. Nxd2 {0-1 (41) De Coverly,R (2093)-Willmoth,R (2236) Birmingham 2001}) 9... Bxf3 10. Bxb4 Qxb4+ 11. Nxb4 Bxd1 12. Rxd1 a5 13. Na2 Nbd7 14. f3 Nc5 15. Nc3 Rd8 16. Bc4 Nfd7 17. b3 Ke7 18. Nb1 g6 19. Ke2 Nb6 {Strongly threatening ...Rxd1.} (19... f5 {with more complications.} 20. exf5 gxf5 21. Kf2 Nb6 22. Be2 Kf6) 20. Na3 Nc8 21. Rxd8 Rxd8 22. Rd1 {Threatening Rxd8.} Nd6 23. Rd2 Rb8 24. Rd1 b5 25. axb5 cxb5 26. Bd5 Rc8 27. Rb1 (27. Ra1 $11 {remains equal.}) 27... Ne6 $17 28. c4 {[#]} Nf4+ $1 29. Kd2 b4 ({Of course not} 29... Nxg2 $6 30. Nxb5 Nxb5 31. cxb5 $11) 30. Nc2 Nxg2 31. Ra1 {[#]} Rc5 $1 32. Ne3 Nxe3 33. Kxe3 {[%mdl 4096] Endgame KRB-KRN} f5 34. Bg8 h6 35. h4 Nc8 36. exf5 gxf5 37. f4 Nd6 (37... Kf6 $15 38. fxe5+ Rxe5+ 39. Kd4 Ne7) 38. Bd5 $11 {The position is equal.} Kf6 39. h5 {Hoping for Rg1.} Ne4 40. Rg1 {And now Rg6+ would win.} exf4+ 41. Kxf4 {aiming for Rg6+.} Ng5 42. Ra1 Nh3+ 43. Kg3 Ng5 44. Kf4 Ne6+ 45. Bxe6 $1 Kxe6 {KR-KR} 46. Rg1 {[#]} a4 $1 {[%mdl 512]} 47. Rg6+ (47. bxa4 Rxc4+) 47... Kf7 48. bxa4 Rxc4+ 49. Kxf5 Rc5+ 50. Kf4 Rxh5 51. Rb6 {[#]} b3 $1 {[%mdl 512]} 52. Rxb3 Rh4+ 53. Kf5 Rxa4 54. Rb7+ Kg8 {Precision: White = 61%, Black = 62%.} 1/2-1/2

[Event "SCO Open 2018"]
[Site "Xingtai"]
[Date "2018.10.22"]
[Round "9"]
[White "Lalith Babu M R"]
[Black "Zvjaginsev, Vadim"]
[Result "1/2-1/2"]
[WhiteElo "2518"]
[BlackElo "2644"]
[Annotator "TA"]
[PlyCount "60"]
[EventDate "2018.??.??"]
[EventCountry "CHN"]
[SourceTitle "playchess.com"]
[Source "ChessBase"]
[SourceQuality "1"]

{[%evp 16,60,19,16,20,17,20,15,27,22,31,11,41,29,48,41,50,21,24,0,7,0,0,0,0,2,4,0,16,-11,-8,0,0,0,16,22,20,0,13,14,25,13,16,10,22,22,22]} 1. d4 d6 2. Nf3 Nf6 3. c4 g6 4. Nc3 Bf5 5. Bg5 Bg7 6. e3 {E61: King's Indian: Early deviations for White, including Smyslov System} Ne4 7. Nxe4 Bxe4 8. Bd3 Bxd3 9. Qxd3 {LiveBook: 6 Games} Qd7 $146 ({Predecessor:} 9... c5 10. O-O Nc6 11. d5 Ne5 12. Nxe5 Bxe5 13. Bh6 {0-1 (56) Domogaev,S (2415)-Zvjaginsev,V (2629) Tula 2018}) 10. O-O h6 11. Bh4 Nc6 12. d5 Nd8 13. e4 e5 14. c5 O-O 15. cxd6 cxd6 16. Rac1 f5 17. Bxd8 Raxd8 18. Rc2 Bf6 19. Rfc1 fxe4 20. Qxe4 Qf5 21. Re1 (21. Qxf5 {is interesting.} gxf5 22. g3 e4 23. Nd2 b5 24. b4) 21... Rd7 (21... Rc8 {is more complex.} 22. Rxc8 Rxc8 23. Qb4 e4 24. Rxe4 Rc1+) 22. g4 Qxe4 23. Rxe4 Rdf7 (23... Bd8 {seems wilder.} 24. Nd2 Kg7 25. Kg2 Bg5 26. Nf3 Bd8) 24. Ree2 Bg5 25. Nxg5 hxg5 $11 {KRR-KRR} 26. h3 Rd7 27. Rc4 Kf7 28. Rec2 Ke7 {The position is equal.} 29. Rc8 Rxc8 30. Rxc8 Rd8 {Precision: White = 25%, Black = 53%.} 1/2-1/2

[Event "SCO Open 2018"]
[Site "Xingtai"]
[Date "2018.10.22"]
[Round "9"]
[White "Liu, Yan"]
[Black "Zhu, Jiner"]
[Result "1/2-1/2"]
[WhiteElo "2506"]
[BlackElo "2360"]
[Annotator "TA"]
[PlyCount "123"]
[EventDate "2018.??.??"]
[EventCountry "CHN"]
[SourceTitle "playchess.com"]
[Source "ChessBase"]
[SourceQuality "1"]

{[%evp 16,123,65,39,125,122,167,63,70,13,14,-18,-13,2,16,0,33,-11,-9,-13,0,-13,-4,-75,-76,-79,-64,-71,0,-15,2,0,0,0,0,0,0,0,14,16,26,-35,-38,-123,-127,-113,-92,-143,-136,-32,0,0,0,0,61,52,111,111,119,118,122,102,91,18,18,0,229,164,269,268,268,267,245,245,260,249,282,225,214,41,45,36,38,28,104,112,262,230,161,41,35,45,49,36,36,36,36,20,20,20,20,24,24,0,24,0,24,24,24,0]} 1. Nf3 f5 2. d3 Nf6 3. g3 g6 4. Bg2 Bg7 5. O-O d6 6. c3 e5 {A04: Unusual lines after 1 Nf3 and King's Indian Attack} (6... Nc6 7. Qb3 e6 8. e4 fxe4 9. Ng5 Qe7 10. dxe4 O-O 11. Nd2 Kh8 12. Nc4 Ng4 13. h3 Nge5 14. Nxe5 Nxe5 {1-0 (26) Movsesian,S (2677)-Khaetsky,R (2373) Pardubice 2017}) 7. e4 c6 8. Nbd2 O-O 9. Re1 {LiveBook: 3 Games} h6 (9... f4 $14) 10. Nh4 $146 ({Predecessor:} 10. d4 fxe4 11. Nxe4 Nxe4 12. Rxe4 d5 13. Qb3 Qb6 {0-1 (44) Rajter,E (1816)-Jerkovic,M (1802) Croatia 2011}) 10... Kh7 11. d4 (11. exf5 $1 $18 Bxf5 12. Nxf5 gxf5 13. Nc4) 11... f4 $14 12. dxe5 (12. Nc4 $14) 12... Ng4 $1 $11 13. Nhf3 fxg3 14. hxg3 {Black must now prevent exd6.} dxe5 15. Nc4 Qf6 16. Qd6 Be6 {And now ...Rd8 would win.} 17. Ne3 Qf7 18. Rf1 Nd7 19. Nh2 (19. Qd1 $11 {keeps the balance.}) 19... Nxh2 $1 $17 (19... Nxf2 $2 20. Nhg4 $1 $18 {[%mdl 512]} (20. Qd2 Nxe4 21. Bxe4 Nf6 $16)) 20. Kxh2 Rad8 21. Qa3 {[#]} Nb6 (21... a6 $1 $17) 22. b3 $11 h5 23. Qxa7 Nc8 24. Qa3 h4 25. Qb2 Rh8 $36 {[%mdl 2048] Black is more active.} 26. Qe2 Kg8 27. Kg1 Rf8 28. Bh1 (28. Ng4 $11) 28... Bf6 $15 29. Ng4 {[#]} ({Better is} 29. Bf3 $15) 29... hxg3 $1 $17 30. fxg3 Bxg4 $1 31. Qxg4 Qh7 {[%csl Gh8][%cal Rh7h2]} 32. Kf2 ({Avoid the trap} 32. Qe6+ $2 Kg7 $19) 32... Qh2+ {[%mdl 1024] Black has compensation.} (32... Bg5+ $5 33. Ke2 Rxf1 34. Bxg5 Rf8 $15) 33. Ke1 Kg7 {Hoping for ...Qc2.} 34. Bf3 Qc2 (34... Rd8 $11 35. Rf2 Qg1+ 36. Rf1 Qh2) 35. Qd7+ $14 Rf7 ({Black should try} 35... Be7 $14 36. Qd2 Rh2) 36. Qd2 $16 Qxd2+ 37. Bxd2 Nd6 38. Rd1 Rh3 39. Rh1 (39. Ke2 $16) 39... Rxg3 $11 {aiming for ...Be7.} 40. Ke2 {Bh6+ is the strong threat.} Nb5 $2 (40... Be7 $11 41. Rdf1 Bg5 42. Bxg5 Rxg5) 41. Rdf1 Kg8 (41... Nd6 $142) 42. Be1 $18 Rg5 43. a4 Nc7 44. Bh4 Ne6 45. Bxg5 Bxg5 46. Rd1 Kg7 47. Kf2 $2 ({White should play} 47. a5 $18) 47... Nc5 $14 48. Kg2 Nxb3 49. Rh3 Nd2 (49... Nc5 $11) 50. Rdh1 $16 {Strongly threatening Rh7+.} Rf4 (50... Kf6 $16 {keeps fighting.}) 51. Rh7+ $18 Kg8 52. Rh8+ (52. Bd1 $18 b5 53. axb5 cxb5 54. Rb7) 52... Kf7 $14 53. R1h3 Nxe4 54. R8h7+ Kf6 55. Rxb7 {Threatens to win with a5.} Nxc3 56. a5 (56. Bxc6 Rg4+ 57. Rg3 Rxg3+ 58. Kxg3 Ke6 $18) 56... Ra4 57. Bxc6 Ra2+ 58. Kf1 Ra1+ 59. Kg2 Ra2+ 60. Kf1 Ra1+ 61. Kf2 Ra2+ 62. Kf1 {Precision: White = 43%, Black = 48%.} 1/2-1/2

[Event "SCO Open 2018"]
[Site "Xingtai"]
[Date "2018.10.22"]
[Round "9"]
[White "Zhonghan, Ma"]
[Black "Zhao, Chenxi"]
[Result "1-0"]
[WhiteElo "2496"]
[BlackElo "2323"]
[Annotator "TA"]
[PlyCount "89"]
[EventDate "2018.??.??"]
[EventCountry "CHN"]
[SourceTitle "playchess.com"]
[Source "ChessBase"]
[SourceQuality "1"]

{[%evp 22,89,26,33,37,-17,-27,-29,0,0,0,0,0,0,0,-15,0,0,0,-23,17,22,254,246,243,205,244,197,193,191,175,168,203,200,191,162,277,275,277,265,258,279,271,268,239,262,279,174,204,0,270,268,285,267,274,279,260,276,354,380,360,348,324,329,338,258,259,248,592,181]} 1. Nf3 Nf6 2. c4 g6 3. d4 Bg7 4. g3 O-O 5. Bg2 c6 6. O-O d6 7. Nc3 Qa5 8. h3 Be6 9. Qd3 Qa6 10. b3 d5 11. Ne5 dxc4 12. Nxc4 {LiveBook: 47 Games} Nd5 {E62: King's Indian: Fianchetto: 6...c6 and Panno Variation (6...Nc6) without ...a6} (12... Rd8 13. Bb2 Nd5 14. Ne4 Nd7 15. Ng5 Nf8 16. Ne5 Qxd3 17. Nxd3 Bc8 18. Rfd1 Ne6 {½-½ (18) Bagaturov,G (2407)-Zubarev,A (2557) Istanbul 2016}) 13. Bb2 (13. Ne4 $14) 13... Nb6 $11 {[%cal Re6c4]} 14. d5 cxd5 {Black has an edge.} (14... Nxd5 {feels hotter.} 15. Nxd5 cxd5 16. Bxg7 dxc4 17. Qc3 Rd8) 15. Nxd5 Nxd5 16. Bxg7 Kxg7 17. Bxd5 Bxh3 18. Qd4+ $146 ({Predecessor:} 18. Qe4 Nc6 19. Rfd1 h5 20. Ne5 {½-½ (87) Hochgraefe,M-Engelbert,C (2275) Hamburg 1992}) 18... f6 19. Rfd1 $36 {[%mdl 2048] White is more active.} Nc6 20. Qc5 Rfe8 21. b4 {[%cal Bb3b4,Bb4b5][%mdl 32] aiming for b5.} b6 $2 (21... Qa4 $11 {and Black stays safe.}) 22. Qxc6 $18 Rac8 23. b5 Qa4 24. Qb7 Rxc4 25. Bxc4 Qxc4 26. Qc6 ({Don't blunder} 26. Qxa7 $2 Qe4 $19) 26... Rc8 27. Qxc4 Rxc4 {[%mdl 4096] Endgame KRR-KRB} 28. a4 Rc7 (28... Kf7 $142 29. f3 Be6) 29. Rac1 Rb7 30. f3 Be6 31. Rc3 Kf7 32. Rdc1 Rd7 33. Rc7 Ke8 34. Rc8+ Kf7 {intending ...Bb3.} 35. R8c7 Ke8 $1 {[#]} 36. R1c3 $1 h5 37. Kf2 g5 38. Rc8+ Rd8 39. R8c6 Bd7 40. Rc7 Ra8 41. Rd3 Be6 42. Re3 Kf7 {[#]} 43. a5 $1 {[%mdl 512]} bxa5 44. Ra3 Ke8 $2 (44... Rc8 45. Rxa7 Rc2 46. R7xa5 (46. R3xa5 Bc4 $16) 46... f5) 45. Ra1 $2 {Precision: White = 64%, Black = 49%.} (45. Rxa5 Kd8 46. Raxa7) 1-0

[Event "SCO Open 2018"]
[Site "Xingtai"]
[Date "2018.10.22"]
[Round "9"]
[White "Yiping, Lou"]
[Black "Xu, Yi"]
[Result "1/2-1/2"]
[WhiteElo "2485"]
[BlackElo "2536"]
[Annotator "TA"]
[PlyCount "60"]
[EventDate "2018.??.??"]
[EventCountry "CHN"]
[SourceTitle "playchess.com"]
[Source "ChessBase"]
[SourceQuality "1"]

{[%evp 24,60,34,25,26,18,21,24,27,16,38,30,28,40,27,4,5,8,0,6,24,7,33,11,39,37,46,9,23,23,21,27,33,0,0,0,0,0,0]} 1. d4 Nf6 2. c4 e6 3. Nf3 d5 4. Nc3 Bb4 5. Bg5 h6 6. Bxf6 Qxf6 7. Qa4+ Nc6 8. e3 O-O {D38: Queen's Gambit Declined: Ragozin Defence (4 Nf3 Bb4)} 9. Be2 Bd7 10. Qb3 dxc4 11. Qxc4 Qg6 12. O-O Bd6 13. Rac1 {LiveBook: 5 Games} (13. Nh4 {with more complications.} Qf6 14. g3 g5 15. Nf3 Qg6 16. Rfd1) 13... Na5 14. Qd3 Qxd3 $1 15. Bxd3 Nc6 16. Rfd1 {[#]} Rac8 $146 17. Be2 Rfd8 18. Nd2 e5 19. Nc4 (19. d5 {seems wilder.} Ne7 20. a3 Rb8 21. e4 a6 22. b4) 19... exd4 20. Nxd6 cxd6 21. exd4 Bf5 22. g4 Bg6 23. Kg2 f6 24. Bf3 Bf7 25. a3 Bb3 26. Bd5+ Bxd5+ 27. Nxd5 Kf7 28. Rc3 Ne7 {The position is equal.} 29. Rdc1 {[#] Black must now prevent Rc7.} Rxc3 30. Nxc3 d5 {Precision: White = 49%, Black = 54%.} 1/2-1/2